000
00292pab a2200133 454500
008
180718b1995 xxu||||| |||| 00| 0 eng d
245
_a
DISABILITY
260
_c
1995
300
_a
p.1-64
362
_a
Nov-Dec
650
_a
Handicapped
773
_a
Health for the Millions
909
_a
30759
999
_c
30759
_d
30759